000
00238 a2200109 4500
001
3089
082
_a
302.12 FER
090
_c
2370
_d
2370
100
_a
Ferguson, H
245
_a
science of pleasure
260
_a
london
_b
Routledge
_c
1990
942
_a
NUST-CAE
_k
302.12 FER
999
_c
238162
_d
238162